Statystyki dla 15 najbardziej dotkniętych krajów Covid-19 - 29 czerwca

Kliknij tutaj aby rozwiązać quiz!

Ogólne statystyki

  • Ten quiz został rozwiązany 33 razy
  • Średni wynik to 11 z 25

Statystyki odpowiedzi

kraj% Poprawnych
Stany Zjednoczone
96%
Rosja
85%
Niemcy
81%
Włochy
81%
Brazylia
74%
Hiszpania
74%
Indie
70%
Wielka Brytania
67%
Meksyk
63%
Iran
56%
Pakistan
44%
Turcja
44%
Szwecja
41%
Chile
30%
Chile
30%
Peru
26%
Arabia Saudyjska
22%
Białoruś
19%
Katar
11%
Oman
11%
Bahrajn
7%
Kuwejt
7%
Panama
7%
Singapur
7%
Armenia
4%

Rozkład punktacji

Percentyl według liczby udzielonych odpowiedzi

Procent ludzi z każdym wynikiem

Twoja historia wyników

Nie rozwiązałeś tego quizu